[Event "34. Abierto Ciudad de Sevilla"]
[Site "Sevilla ESP"]
[Date "2009.01.30"]
[Round "8.17"]
[White "Van Hoolandt, Patrick"]
[Black "Sgnaolin, Davide"]
[Result "1-0"]
[WhiteElo "2235"]
[BlackElo "2209"]
[PlyCount "97"]
[EventDate "2009.01.23"]
[EventType "swiss"]
[EventRounds "9"]
[EventCountry "ESP"]
[Source "lmi"]
[SourceDate "2009.01.23"]

1. c4 e5 2. Nc3 Nc6 3. g3 Nf6 4. Bg2 Bc5 5. Nf3 d6 6. d3 O-O 7. a3 a6 8. b4 Ba7
9. O-O Nd4 10. Nxd4 Bxd4 11. Bb2 c6 12. e3 Bg4 13. Qc2 Ba7 14. h3 Be6 15. Ne2
Nd7 16. d4 Rc8 17. Rfd1 Qe7 18. Rac1 f6 19. Qd3 Bf7 20. a4 Rfe8 21. b5 Nb6 22.
a5 Na4 23. Ba3 exd4 24. Nxd4 Bg6 25. Nf5 Bxf5 26. Qxf5 Qe5 27. Qxe5 fxe5 28.
bxc6 bxc6 29. Rxd6 Bc5 30. Bxc5 Nxc5 31. Bxc6 Red8 32. Bd5+ Kf8 33. Rxd8+ Rxd8
34. Rb1 Ke7 35. Rb6 Rd6 36. Rb8 Rd8 37. Rb2 Rd6 38. e4 h6 39. f4 exf4 40. gxf4
Rg6+ 41. Rg2 Rxg2+ 42. Kxg2 Nb3 43. Bb7 Nc5 44. Bd5 Nb3 45. Kf3 Nxa5 46. c5 Kd7
47. e5 Nc6 48. e6+ Kc7 49. Bxc6 1-0

[Event "34. Abierto Ciudad de Sevilla"]
[Site "Sevilla ESP"]
[Date "2009.01.30"]
[Round "8.18"]
[White "Diaz Castro, Sergio"]
[Black "Delgado Lozano, Jose Manuel"]
[Result "1-0"]
[WhiteElo "2223"]
[BlackElo "1937"]
[PlyCount "29"]
[EventDate "2009.01.23"]
[EventType "swiss"]
[EventRounds "9"]
[EventCountry "ESP"]
[Source "lmi"]
[SourceDate "2009.01.23"]

1. e4 c6 2. d4 d5 3. exd5 cxd5 4. c4 Nf6 5. Nc3 e6 6. c5 Be7 7. Nf3 Nc6 8. Bd3
O-O 9. a3 e5 10. dxe5 Ng4 11. Bf4 Bxc5 12. O-O Qb6 13. Bg3 Qxb2 14. Na4 Nxf2
15. Bxf2 1-0

[Event "34. Abierto Ciudad de Sevilla"]
[Site "Sevilla ESP"]
[Date "2009.01.30"]
[Round "8.19"]
[White "Anaya Lopez, Victor Jose"]
[Black "Campora Sivori, Daniel"]
[Result "1/2-1/2"]
[WhiteElo "2087"]
[BlackElo "2522"]
[PlyCount "49"]
[EventDate "2009.01.23"]
[EventType "swiss"]
[EventRounds "9"]
[EventCountry "ESP"]
[Source "lmi"]
[SourceDate "2009.01.23"]

1. e4 c6 2. d4 d5 3. f3 dxe4 4. fxe4 e5 5. Nf3 Be6 6. c3 Nf6 7. Bd3 Nbd7 8. O-O
Be7 9. Kh1 O-O 10. Qe2 Bg4 11. Be3 Bh5 12. Nbd2 Bd6 13. Nc4 Bc7 14. Bg1 Re8 15.
Qc2 b5 16. Ne3 Bg6 17. Nd2 Nh5 18. Be2 Nf4 19. Bf3 Bb6 20. Nf5 Ne6 21. Nb3 Ng5
22. Qd1 Qc7 23. d5 Bxf5 24. exf5 Nxf3 25. Rxf3 1/2-1/2

[Event "34. Abierto Ciudad de Sevilla"]
[Site "Sevilla ESP"]
[Date "2009.01.30"]
[Round "8.20"]
[White "Montero Campuzano, Rafael"]
[Black "Berbatov, Kiprian"]
[Result "1-0"]
[WhiteElo "2078"]
[BlackElo "2392"]
[PlyCount "49"]
[EventDate "2009.01.23"]
[EventType "swiss"]
[EventRounds "9"]
[EventCountry "ESP"]
[Source "lmi"]
[SourceDate "2009.01.23"]

1. e4 c5 2. Nf3 d6 3. d4 cxd4 4. Nxd4 Nf6 5. Nc3 a6 6. Rg1 e6 7. g4 b5 8. g5
Nfd7 9. Be3 Bb7 10. Bh3 b4 11. Na4 Qa5 12. b3 Bxe4 13. Bxe6 fxe6 14. Nxe6 Kf7
15. Nxf8 Rxf8 16. g6+ hxg6 17. Rg5 Qc7 18. f3 Bc6 19. Qd3 Ne5 20. Rxe5 dxe5 21.
Qc4+ Ke8 22. Nb6 Ra7 23. O-O-O Rb7 24. Qe6+ Qe7 25. Rd8+ 1-0

[Event "34. Abierto Ciudad de Sevilla"]
[Site "Sevilla ESP"]
[Date "2009.01.30"]
[Round "8.36"]
[White "Neubaver, Kai"]
[Black "Cadena Falcon, Jose Antonio"]
[Result "0-1"]
[WhiteElo "2027"]
[BlackElo "1907"]
[PlyCount "92"]
[EventDate "2009.01.23"]
[EventType "swiss"]
[EventRounds "9"]
[EventCountry "ESP"]
[Source "lmi"]
[SourceDate "2009.01.23"]

1. d4 d5 2. c4 e6 3. Nc3 Nf6 4. Bg5 Be7 5. Nf3 O-O 6. e3 dxc4 7. Bxc4 Nbd7 8.
O-O b6 9. Re1 Bb7 10. e4 a6 11. a4 c5 12. d5 exd5 13. exd5 Re8 14. Qb3 Bd6 15.
Rxe8+ Qxe8 16. Re1 Qf8 17. Bxf6 Nxf6 18. Qxb6 Rb8 19. Qa5 Qc8 20. Ne4 Nxe4 21.
Rxe4 Qf5 22. Re2 Bxd5 23. Bxd5 Qxd5 24. Qxa6 Qd1+ 25. Re1 Qd5 26. Qe2 Qb3 27.
a5 Qxb2 28. Qd3 Bf8 29. a6 Ra8 30. Ng5 g6 31. Nxf7 Qa2 32. Ne5 Rxa6 33. Nd7 Rd6
34. Qb5 Qd2 35. Qc4+ Kg7 36. Qe4 Rxd7 37. Qe5+ Kg8 38. Qe6+ Rf7 39. Re2 Qd1+
40. Re1 Qd4 41. Re3 Kg7 42. g3 Re7 43. Qb3 Rxe3 44. fxe3 Qe5 45. Kf2 Be7 46.
Qd3 Qf5+ 0-1

[Event "34. Abierto Ciudad de Sevilla"]
[Site "Sevilla ESP"]
[Date "2009.01.31"]
[Round "9.1"]
[White "Rivas Pastor, Manuel"]
[Black "Kurajica, Bojan"]
[Result "1/2-1/2"]
[WhiteElo "2514"]
[BlackElo "2552"]
[PlyCount "25"]
[EventDate "2009.01.23"]
[EventType "swiss"]
[EventRounds "9"]
[EventCountry "ESP"]
[Source "lmi"]
[SourceDate "2009.01.23"]

1. d4 Nf6 2. c4 e6 3. Nf3 Bb4+ 4. Bd2 a5 5. g3 d5 6. a3 Be7 7. Qc2 c6 8. Bg2
O-O 9. O-O Nbd7 10. Rd1 b6 11. cxd5 cxd5 12. Nc3 Ba6 13. Rac1 1/2-1/2

[Event "34. Abierto Ciudad de Sevilla"]
[Site "Sevilla ESP"]
[Date "2009.01.31"]
[Round "9.3"]
[White "Huerga Leache, Mikel"]
[Black "Matamoros Franco, Carlos"]
[Result "1/2-1/2"]
[WhiteElo "2418"]
[BlackElo "2532"]
[PlyCount "21"]
[EventDate "2009.01.23"]
[EventType "swiss"]
[EventRounds "9"]
[EventCountry "ESP"]
[Source "lmi"]
[SourceDate "2009.01.23"]

1. d4 d5 2. c4 c6 3. Nf3 Nf6 4. cxd5 cxd5 5. Nc3 Nc6 6. Bf4 Bf5 7. e3 e6 8. Qb3
Bb4 9. Bb5 O-O 10. Bxc6 Bxc3+ 11. Qxc3 1/2-1/2

[Event "34. Abierto Ciudad de Sevilla"]
[Site "Sevilla ESP"]
[Date "2009.01.31"]
[Round "9.5"]
[White "Razmyslov, Alexander"]
[Black "Rizouk, Aimen"]
[Result "1/2-1/2"]
[WhiteElo "2404"]
[BlackElo "2518"]
[PlyCount "26"]
[EventDate "2009.01.23"]
[EventType "swiss"]
[EventRounds "9"]
[EventCountry "ESP"]
[Source "lmi"]
[SourceDate "2009.01.23"]

1. e4 e5 2. Nf3 Nc6 3. Bb5 Nf6 4. O-O Nxe4 5. d4 Nd6 6. dxe5 Nxb5 7. a4 d6 8.
e6 fxe6 9. axb5 Ne7 10. Nc3 Ng6 11. Qd4 Kf7 12. Ng5+ Kg8 13. Re1 Qf6 1/2-1/2

[Event "34. Abierto Ciudad de Sevilla"]
[Site "Sevilla ESP"]
[Date "2009.01.31"]
[Round "9.9"]
[White "Recuero Guerra, David"]
[Black "Diaz Castro, Sergio"]
[Result "1/2-1/2"]
[WhiteElo "2435"]
[BlackElo "2223"]
[PlyCount "36"]
[EventDate "2009.01.23"]
[EventType "swiss"]
[EventRounds "9"]
[EventCountry "ESP"]
[Source "lmi"]
[SourceDate "2009.01.23"]

1. e4 g6 2. d4 Bg7 3. Nf3 d6 4. Bc4 Nf6 5. Qe2 c6 6. e5 Nd5 7. h3 O-O 8. O-O
Nb6 9. Bd3 Na6 10. Bxa6 bxa6 11. Nbd2 f6 12. Nb3 fxe5 13. dxe5 Nd5 14. Qc4 Qb6
15. exd6 exd6 16. Qh4 Qb4 17. c3 Qxh4 18. Nxh4 Nf4 1/2-1/2

[Event "34. Abierto Ciudad de Sevilla"]
[Site "Sevilla ESP"]
[Date "2009.01.31"]
[Round "9.10"]
[White "Robles Garcia, Claudia"]
[Black "Hoffman, Alejandro"]
[Result "1-0"]
[WhiteElo "2258"]
[BlackElo "2425"]
[PlyCount "51"]
[EventDate "2009.01.23"]
[EventType "swiss"]
[EventRounds "9"]
[EventCountry "ESP"]
[Source "lmi"]
[SourceDate "2009.01.23"]

1. e4 e5 2. Nf3 d6 3. d4 exd4 4. Nxd4 Nf6 5. Nc3 Be7 6. Be2 O-O 7. O-O Re8 8.
f4 c6 9. Kh1 Bf8 10. Bf3 a5 11. Re1 a4 12. a3 Qb6 13. b4 axb3 14. Nxb3 Nbd7 15.
Be3 Qc7 16. Bd4 c5 17. Bf2 Nb6 18. Nb5 Qd7 19. Nxd6 Bxd6 20. e5 Bf8 21. exf6
Rxe1+ 22. Qxe1 Qf5 23. fxg7 Kxg7 24. Nxc5 Qxf4 25. Nxb7 Nc4 26. Bg3 1-0

[Event "34. Abierto Ciudad de Sevilla"]
[Site "Sevilla ESP"]
[Date "2009.01.31"]
[Round "9.11"]
[White "Paunovic, Dragan"]
[Black "Jimenez De La Torre, Jose Antonio"]
[Result "1-0"]
[WhiteElo "2526"]
[BlackElo "2168"]
[PlyCount "93"]
[EventDate "2009.01.23"]
[EventType "swiss"]
[EventRounds "9"]
[EventCountry "ESP"]
[Source "lmi"]
[SourceDate "2009.01.23"]

1. Nf3 Nf6 2. g3 c5 3. Bg2 d5 4. O-O Nc6 5. d4 e6 6. c4 Be7 7. cxd5 exd5 8.
dxc5 Bxc5 9. Bg5 Be6 10. Nc3 d4 11. Ne4 Be7 12. Bxf6 gxf6 13. Qd2 h6 14. Rfc1
Qd5 15. Ne1 Qf5 16. Nd3 Rd8 17. Nec5 Bc8 18. Nxb7 Bxb7 19. Bxc6+ Bxc6 20. Rxc6
h5 21. Qf4 Qd5 22. Qf3 Qxf3 23. exf3 Bd6 24. Re1+ Kf8 25. Re4 Kg7 26. Rc4 Bb8
27. Kf1 h4 28. Rg4+ Kf8 29. Rgxd4 Kg7 30. Rg4+ Kf8 31. Rxh4 Rxh4 32. Rxh4 Rxd3
33. Rh8+ Kg7 34. Rxb8 Rd2 35. h4 a5 36. a4 Rd4 37. b3 Rd2 38. Rb5 Rb2 39. Kg2
Kg6 40. g4 Kh6 41. f4 Kg7 42. Rb6 Kg8 43. Rxf6 Rxb3 44. Rf5 Rb4 45. Rxa5 Rxf4
46. Kg3 Rb4 47. Rg5+ 1-0

[Event "34. Abierto Ciudad de Sevilla"]
[Site "Sevilla ESP"]
[Date "2009.01.31"]
[Round "9.12"]
[White "Camacho Calle, Pedro"]
[Black "De La Villa Garcia, Jesus Maria"]
[Result "0-1"]
[WhiteElo "2125"]
[BlackElo "2469"]
[PlyCount "58"]
[EventDate "2009.01.23"]
[EventType "swiss"]
[EventRounds "9"]
[EventCountry "ESP"]
[Source "lmi"]
[SourceDate "2009.01.23"]

1. c4 e5 2. Nc3 Nf6 3. Nf3 Nc6 4. a3 g6 5. e3 Bg7 6. Be2 O-O 7. d3 d5 8. cxd5
Nxd5 9. Bd2 Nde7 10. Qc2 h6 11. Rc1 a5 12. O-O Be6 13. Rb1 Qd7 14. b4 axb4 15.
axb4 b6 16. Rfc1 Ra3 17. Nb5 Ra2 18. Qd1 Rc8 19. Nc3 Ra3 20. Nb5 Raa8 21. Bc3
Nd8 22. Nxc7 Rxc7 23. Bxe5 Rxc1 24. Rxc1 Bxe5 25. Nxe5 Qd6 26. Nc4 Bxc4 27.
Rxc4 Ne6 28. b5 Ra5 29. d4 Rxb5 0-1

[Event "34. Abierto Ciudad de Sevilla"]
[Site "Sevilla ESP"]
[Date "2009.01.31"]
[Round "9.13"]
[White "Fernandez Romero, Ernesto"]
[Black "Perez Garcia, Roberto"]
[Result "1-0"]
[WhiteElo "2446"]
[BlackElo "2191"]
[PlyCount "85"]
[EventDate "2009.01.23"]
[EventType "swiss"]
[EventRounds "9"]
[EventCountry "ESP"]
[Source "lmi"]
[SourceDate "2009.01.23"]

1. e4 c5 2. Nf3 Nc6 3. Bb5 Qb6 4. Nc3 e6 5. Bxc6 Qxc6 6. d4 cxd4 7. Nxd4 Qc7 8.
Be3 a6 9. Qd2 Nf6 10. f3 Bb4 11. Nde2 b5 12. O-O-O Bb7 13. Kb1 O-O 14. Qd4 Be7
15. Bf4 Qa5 16. Nc1 Rfc8 17. Nb3 Qd8 18. Bd6 Rc4 19. Bxe7 Qxe7 20. Qd6 Kf8 21.
Na5 Qxd6 22. Rxd6 Rc7 23. Rb6 Bc6 24. a3 Ng8 25. Na2 Ne7 26. Nb4 Rca7 27. Rd1
g6 28. Nbxc6 Nxc6 29. Nxc6 dxc6 30. Rxc6 a5 31. Ka2 b4 32. a4 h5 33. e5 Rb8 34.
Kb3 g5 35. h3 Kg7 36. g4 Rh8 37. Kc4 hxg4 38. hxg4 Rh2 39. Kb5 b3 40. cxb3 Rxb2
41. Rd3 Re2 42. Kb6 Ra8 43. Kb7 1-0

[Event "34. Abierto Ciudad de Sevilla"]
[Site "Sevilla ESP"]
[Date "2009.01.31"]
[Round "9.14"]
[White "Ivanov, Jordan"]
[Black "Durao, Joaquim"]
[Result "1-0"]
[WhiteElo "2436"]
[BlackElo "2112"]
[PlyCount "53"]
[EventDate "2009.01.23"]
[EventType "swiss"]
[EventRounds "9"]
[EventCountry "ESP"]
[Source "lmi"]
[SourceDate "2009.01.23"]

1. d4 Nf6 2. c4 e6 3. Nc3 d5 4. cxd5 exd5 5. Bg5 c6 6. e3 h6 7. Bh4 Nbd7 8. Bd3
Be7 9. Qc2 O-O 10. Nf3 Re8 11. h3 Ne4 12. Bxe7 Qxe7 13. O-O Nf8 14. Rae1 g5 15.
Bxe4 dxe4 16. Nd2 f5 17. f3 exf3 18. Nxf3 Ng6 19. e4 Qf7 20. g4 fxg4 21. Ne5
Qe6 22. Nxg4 Nf4 23. Rxf4 gxf4 24. e5 Re7 25. d5 cxd5 26. Nxd5 Rg7 27. Kh2 1-0

[Event "34. Abierto Ciudad de Sevilla"]
[Site "Sevilla ESP"]
[Date "2009.01.31"]
[Round "9.16"]
[White "Melero Fidalgo, Juan De Dios"]
[Black "Guerra, Tulcan Lenin"]
[Result "0-1"]
[WhiteElo "2175"]
[BlackElo "2310"]
[PlyCount "116"]
[EventDate "2009.01.23"]
[EventType "swiss"]
[EventRounds "9"]
[EventCountry "ESP"]
[Source "lmi"]
[SourceDate "2009.01.23"]

1. Nf3 Nf6 2. c4 e6 3. Nc3 d5 4. cxd5 exd5 5. d4 c6 6. Bg5 Be7 7. e3 O-O 8. Bd3
Ne4 9. Bxe7 Qxe7 10. Bxe4 dxe4 11. Nd2 f5 12. Qe2 Be6 13. O-O Nd7 14. f3 exf3
15. Nxf3 Rae8 16. Rfe1 Nf6 17. Qc2 Nd5 18. e4 fxe4 19. Rxe4 Qf6 20. Qd2 Rd8 21.
Rae1 Bf5 22. Re5 Nxc3 23. bxc3 Bg4 24. Ng5 Rd5 25. Ne4 Qxe5 26. dxe5 Rxd2 27.
Nxd2 Be6 28. Ne4 b6 29. a3 Rf4 30. g3 Rf5 31. Nd2 Kf7 32. Re3 Ke7 33. c4 c5 34.
a4 Rf8 35. Rc3 Rd8 36. Rc2 Rd3 37. a5 bxa5 38. Kf2 a4 39. Ke2 Ra3 40. Rb2 Bg4+
41. Kf2 Rd3 42. Ne4 Rb3 43. Ra2 a3 44. Ra1 Bf5 45. Nxc5 Rb2+ 46. Ke3 a2 47. Na4
Rb3+ 48. Kd4 Bb1 49. Nc3 Rb2 50. c5 Kd7 51. h4 Rd2+ 52. Kc4 Bf5 53. Kb5 Be6 54.
c6+ Kc7 55. Rc1 Rb2+ 56. Kc5 a6 57. g4 Rb3 58. Kd4 Rb4+ 0-1

[Event "34. Abierto Ciudad de Sevilla"]
[Site "Sevilla ESP"]
[Date "2009.01.31"]
[Round "9.17"]
[White "Santos Izquierdo, Francisco"]
[Black "Moya De La Flor, Daniel"]
[Result "1/2-1/2"]
[WhiteElo "2280"]
[BlackElo "1998"]
[PlyCount "111"]
[EventDate "2009.01.23"]
[EventType "swiss"]
[EventRounds "9"]
[EventCountry "ESP"]
[Source "lmi"]
[SourceDate "2009.01.23"]

1. e4 c5 2. d3 g6 3. g3 Bg7 4. Bg2 Nc6 5. f4 e6 6. Nf3 Nge7 7. O-O O-O 8. c3 d5
9. e5 Rb8 10. Be3 d4 11. Bf2 b5 12. cxd4 cxd4 13. Na3 Nf5 14. Nc2 Qb6 15. Qe2
Rd8 16. Ng5 b4 17. g4 Nfe7 18. Rac1 Ba6 19. Rfd1 Nd5 20. Qe4 b3 21. Nxd4 Nxd4
22. Bxd4 Qb4 23. a3 Qa4 24. Bxa7 Qxe4 25. dxe4 Nxf4 26. Bxb8 Rxb8 27. Rc5 Nd3
28. Ra5 Bc4 29. Rd2 Bxe5 30. Rxd3 Bxb2 31. Bf1 Bc1 32. Rxb3 Bxb3 33. Nf3 Be3+
34. Kg2 Bc2 35. e5 Bf4 36. Rb5 Ra8 37. Rb4 Bh6 38. Rb2 Bd1 39. Ra2 Bb3 40. Ra1
Bf8 41. Ng5 Rxa3 42. Rxa3 Bxa3 43. Nf3 Bb2 44. Kg3 Bd5 45. g5 Bxf3 46. Kxf3
Bxe5 47. h3 f5 48. gxf6 Kf7 49. Bd3 Kxf6 50. h4 h6 51. Kg4 Bc3 52. Be4 Bd2 53.
Bb1 g5 54. hxg5+ hxg5 55. Kf3 Ke5 56. Bh7 1/2-1/2

[Event "34. Abierto Ciudad de Sevilla"]
[Site "Sevilla ESP"]
[Date "2009.01.31"]
[Round "9.18"]
[White "Martin Rodriguez, Jose Maria"]
[Black "Madeira, Wagner Martins"]
[Result "0-1"]
[WhiteElo "1974"]
[BlackElo "2212"]
[PlyCount "74"]
[EventDate "2009.01.23"]
[EventType "swiss"]
[EventRounds "9"]
[EventCountry "ESP"]
[Source "lmi"]
[SourceDate "2009.01.23"]

1. d4 Nf6 2. Nf3 g6 3. e3 Bg7 4. Bd3 O-O 5. O-O d6 6. c4 Nbd7 7. Bd2 e5 8. Nc3
Qe7 9. Qc2 Re8 10. dxe5 dxe5 11. e4 c6 12. Be2 Nc5 13. b4 Ne6 14. Rab1 Nd4 15.
Qc1 Nxe2+ 16. Nxe2 Nxe4 17. Bh6 Bg4 18. Bxg7 Kxg7 19. Ng3 Bxf3 20. gxf3 Ng5 21.
Qe3 h6 22. Kg2 Qe6 23. f4 exf4 24. Qxf4 Qf6 25. Qg4 h5 26. Qh4 Qf3+ 27. Kg1 Qg4
28. Qxg4 hxg4 29. Rbd1 Rad8 30. Kg2 f5 31. Rxd8 Rxd8 32. Re1 Kf6 33. Re2 Ne6
34. Re1 Nf4+ 35. Kf1 Rd2 36. Ne2 Nd3 37. a3 Nxe1 0-1

[Event "34. Abierto Ciudad de Sevilla"]
[Site "Sevilla ESP"]
[Date "2009.01.31"]
[Round "9.20"]
[White "Campora, Daniel"]
[Black "Ortega Valle, Jose Ramon"]
[Result "1-0"]
[WhiteElo "2522"]
[BlackElo "2004"]
[PlyCount "95"]
[EventDate "2009.01.23"]
[EventType "swiss"]
[EventRounds "9"]
[EventCountry "ESP"]
[Source "lmi"]
[SourceDate "2009.01.23"]

1. e4 c5 2. Nf3 d6 3. c3 Nf6 4. Bd3 e5 5. O-O Be7 6. Re1 O-O 7. Bc2 Bg4 8. h3
Bh5 9. d3 Nc6 10. Nbd2 Qc7 11. Nf1 d5 12. g4 dxe4 13. dxe4 Rad8 14. Qe2 Bg6 15.
Ng3 Rfe8 16. h4 h5 17. g5 Nh7 18. Nh2 Qd7 19. Nf5 f6 20. Kh1 fxg5 21. hxg5 Bf7
22. Rg1 g6 23. Nh6+ Kg7 24. Nxf7 Kxf7 25. Rg3 Kg7 26. Be3 Na5 27. Nf3 Qc7 28.
Nh4 Nf8 29. Ba4 Nd7 30. Rh3 Rh8 31. Nf5+ Kf7 32. Nh6+ Kg7 33. Rf1 Nb6 34. Bc2
Rdf8 35. Nf5+ Kf7 36. Nxe7 Kxe7 37. b4 cxb4 38. cxb4 Nac4 39. Bc5+ Nd6 40. Rd3
Nbc8 41. Rfd1 Rd8 42. Rd5 b6 43. Rxe5+ Kf8 44. Qf3+ Kg8 45. Re6 Kh7 46. Rxg6
Kxg6 47. Qf6+ Kh7 48. g6+ 1-0

[Event "34. Abierto Ciudad de Sevilla"]
[Site "Sevilla ESP"]
[Date "2009.01.31"]
[Round "9.21"]
[White "Prados Montaño, Antonio"]
[Black "Lazaro Porta, Angel"]
[Result "1-0"]
[WhiteElo "2210"]
[BlackElo "1973"]
[PlyCount "59"]
[EventDate "2009.01.23"]
[EventType "swiss"]
[EventRounds "9"]
[EventCountry "ESP"]
[Source "lmi"]
[SourceDate "2009.01.23"]

1. e4 c5 2. Nc3 a6 3. g3 b5 4. Bg2 Bb7 5. d3 d6 6. Nh3 Nf6 7. O-O g6 8. Re1 e5
9. Rf1 Bg7 10. f4 O-O 11. Qf3 Nc6 12. Ne2 Bc8 13. f5 Ra7 14. g4 h5 15. g5 Nh7
16. c3 Re8 17. Be3 Bf8 18. Rf2 Qa5 19. a3 b4 20. cxb4 Nxb4 21. Bd2 Qa4 22. Nc3
Qb3 23. axb4 cxb4 24. Nd5 Qxb2 25. Bc3 bxc3 26. Rxb2 cxb2 27. Rb1 Rb7 28. Qf2
Be7 29. Rxb2 Bxg5 30. Nxg5 1-0

[Event "34. Abierto Ciudad de Sevilla"]
[Site "Sevilla ESP"]
[Date "2009.01.31"]
[Round "9.22"]
[White "Sgnaolin, Davide"]
[Black "Jimenez Gonzalez, Manuel Jose"]
[Result "1-0"]
[WhiteElo "2209"]
[BlackElo "1973"]
[PlyCount "59"]
[EventDate "2009.01.23"]
[EventType "swiss"]
[EventRounds "9"]
[EventCountry "ESP"]
[Source "lmi"]
[SourceDate "2009.01.23"]

1. e4 e6 2. d4 d5 3. Nd2 Nf6 4. e5 Nfd7 5. Ngf3 c5 6. c3 Nc6 7. Bd3 Qb6 8. O-O
cxd4 9. cxd4 Nxd4 10. Nxd4 Qxd4 11. Nf3 Qg4 12. h3 Qh5 13. Re1 Bc5 14. Be3 O-O
15. Rc1 Bxe3 16. Rxe3 f5 17. exf6 Nxf6 18. Rc7 Qe8 19. Ne5 Bd7 20. Nxd7 Nxd7
21. Bb5 Rf7 22. Qa4 Rd8 23. Rxb7 a6 24. Qxa6 Qe7 25. Rxd7 Rxd7 26. Bxd7 Qxd7
27. Qxe6 Qxe6 28. Rxe6 Rb7 29. Re2 Kf7 30. Kf1 1-0

[Event "34. Abierto Ciudad de Sevilla"]
[Site "Sevilla ESP"]
[Date "2009.01.31"]
[Round "9.25"]
[White "Rioboo De Larriva, Alvaro"]
[Black "Torres Ventosa, Pedro Eugenio"]
[Result "1-0"]
[WhiteElo "1965"]
[BlackElo "2134"]
[PlyCount "101"]
[EventDate "2009.01.23"]
[EventType "swiss"]
[EventRounds "9"]
[EventCountry "ESP"]
[Source "lmi"]
[SourceDate "2009.01.23"]

1. e4 c5 2. Nc3 d6 3. f4 Nc6 4. Nf3 Bg4 5. Bb5 a6 6. Bxc6+ bxc6 7. f5 e6 8. h3
Bxf3 9. Qxf3 exf5 10. O-O Be7 11. g4 Qd7 12. d3 Bf6 13. exf5 Ne7 14. Ne4 Bd4+
15. Be3 Nd5 16. Bf2 Kd8 17. c4 Nb4 18. Bxd4 cxd4 19. Rfc1 d5 20. Nc5 Qe7 21. a3
Qxc5 22. axb4 Qxb4 23. cxd5 c5 24. d6 Ra7 25. Qc6 a5 26. Rxc5 Qb7 27. Qxb7 Rxb7
28. Raxa5 Kd7 29. Rc7+ Rxc7 30. dxc7 Re8 31. Ra7 Re3 32. c8=Q+ Kxc8 33. Rxf7
Rxd3 34. Rxg7 Rxh3 35. f6 Rf3 36. f7 Kd8 37. Kg2 Rf4 38. Rg8+ Ke7 39. f8=Q+
Rxf8 40. Rxf8 Kxf8 41. Kf3 Kg7 42. Ke4 Kf6 43. Kxd4 Kg5 44. b4 Kxg4 45. b5 h5
46. b6 h4 47. b7 Kg3 48. b8=Q+ Kg2 49. Ke3 h3 50. Qg8+ Kf1 51. Qg3 1-0